Films très mal décrits - Statistiques

Statistiques générales
  • Ce quiz a été pris 454 fois
  • Le résultat moyen est 7 sur 12
Statistiques - réponses
Hint Réponse % Correct
Un gamin se retrouve tout seul à la maison pendant les vacances, deux voleurs pas très futés essayent de tout piller, et le petit invente des pièges de fou Maman j'ai raté l’avion
93%
Une ado sympa doit aller jouer à un jeu super dangereux à la télé avec plein d’autres ados, elle se fait des potes, vise bien avec son arc, et finit par montrer que tricher, c’est pas très joli mais survivre, c’est mieux. Hunger Games
78%
Une voiture arrogante se perd dans un petit village paumé, apprend à parler aux habitants qui parlent aussi, fait la course contre d’autres voitures. Cars
76%
Un type un peu paumé se fait tabasser par des pros, décide de courir partout et de manger des œufs crus pour devenir fort, puis tape sur un mec encore plus fort dans un ring pour que tout le monde fasse “waouh” Rocky
69%
Une actrice et un musicien tombent amoureux en chantant et dansant partout, ils se font des promesses, puis la vie décide de leur mettre plein de bâtons dans les roues, et tout le monde finit un peu triste mais stylé. La la Land
63%
Un type en pyjama chauve-souris fait peur à tout le monde dans sa ville, un clown psychopathe décide de jouer à la roulette russe avec les habitants, et beaucoup d'explosions, parce que ça flingue. The Dark Knight
63%
Un général se fait trahir par un empereur méchant, devient esclave pour participer à des jeux géants où tout le monde se tape dessus, et finit par taper sur le vilain pour que tout le monde dise “vengeance !” Gladiator
60%
Un couple de fantômes essaie de virer les nouveaux locataires de leur maison, alors ils engagent un type déglingué avec une cravate rayée et des cheveux fous pour semer le chaos. Beetlejuice
43%
Une famille un peu bizarre fait des affaires pas très légales, le père explique comment régler les problèmes en douceur ou en force, et le fils qui devait juste boire un café finit par devenir le boss parce que c’est plus simple comme ça. Le Parrain
37%
Un mec en combinaison argentée conduit super bien la nuit, aide parfois des gangsters pas très futés, et finit par se prendre des explosions et des coups partout parce que c’est plus stylé comme ça. Drive
26%
Trois potes se baladent dans leur quartier chaud, un flic les embête tout le temps, ça chauffe à chaque coin de rue, et à la fin tout le monde est hyper stressé parce que la vie craint un peu beaucoup. La Haine
24%
Un type avec un accent bizarre arrive en ville, devient super riche en vendant des trucs illégaux, et finit par se faire tout péter la tête dans une maison parce que trop, c’est trop. Scarface
22%
Aucun quiz correspondant
Distribution des résultats
% des personnes avec chaque résultat
Percentile par nombre de réponses
Votre historique - résultats
Vous n’avez pas pris ce quiz